000 00755nam a22002177a 4500
003 UA-OsUOA
001 36534
007 ta
008 20060131b un ||||| |||| 00| 0 ukr d
100 _aЦентральна виборча комісія.Постанова
090 _a34
942 _cSA
040 _aUA-OsUOA
_bukr
_cUA-OsUOA
_dUA-OsUOA
245 _aПро утворення окружних виборчих комісій територіальних виборчих округів з виборів народних депутатів України 26 березня 2006 року
300 _aС.12-45
955 _a0
041 _aukr
080 _a34
773 0 _w36532
650 7 _a34 Право. Юриспруденція
_2UDC
999 _c322773
_d322773